| 000 | 00611 a2200205 4500 | ||
|---|---|---|---|
| 001 | 63057 | ||
| 005 | 20260407155925.0 | ||
| 008 | 260407a1972 arg spa d | ||
| 003 | AR-UNSa-BCEJYS | ||
| 040 |
_aAR-UNSa-BCEJYS _bspa _cAR-UNSa-BCEJYS |
||
| 080 |
_a37.02 _xCuestiones generales de didáctica y metodología |
||
| 245 | 1 | 0 |
_aPlaneamiento didáctico _pPlan de desarrollo para unidades y curso |
| 020 | _a978-968-13-0839-1 | ||
| 264 | 1 |
_aMéxico : _bDiana _c1972 |
|
| 300 |
_a175 p. _c21 cm. |
||
| 041 | _aspa | ||
| 942 | _cBK | ||
| 590 | _aniveau_biblio:m niveau_hierar:0 | ||
| 100 | 1 | _aKemp, Jerrold E. | |
| 999 |
_c7958 _d7958 |
||